|
|
|
|
| LEADER |
00000ny a22000003n 4500 |
| 005 |
20110511150718.0 |
| 008 |
030103c20029999us br p 0 a0eng d |
| 022 |
0 |
|
|a 1546-0657
|
| 035 |
|
|
|a 3107
|
| 040 |
|
|
|a CBev
|c CBev
|d vLex
|
| 090 |
|
|
|c 1713
|d 1713
|
| 245 |
3 |
0 |
|a Bookmarks: for everyone who hasn't read everything
|h [Recurso electrn̤ico]
|
| 246 |
|
0 |
|a Book marks
|
| 246 |
|
0 |
|a Bookmarks magazine
|
| 256 |
|
|
|a Servicio en ln̕ea
|
| 260 |
|
|
|a San Mateo, CA :
|b Phillips & Nelson Media
|
| 310 |
|
|
|a Bimestral
|
| 500 |
|
|
|a "For everyone who hasn't read everything."
|
| 506 |
1 |
|
|a Contenido solo disponible en los productos indicados
|d vLex Global
|d vLex Global (Academic Edition, excluding Law Schools)
|d vLex Global (Academic Edition, Law Schools)
|
| 650 |
0 |
4 |
|a Libros y lectura
|x Publicaciones perid̤icas
|
| 650 |
0 |
4 |
|a Libros
|x Reseąs
|x Publicaciones perid̤icas
|
| 740 |
0 |
|
|a vLex Revista (Servicios en ln̕ea)
|
| 853 |
|
|
|8 1
|i (year)
|j (month)
|k (day)
|
| 856 |
4 |
0 |
|z Acceso restringido
|u http://vlex.com/account/login_ip?fuente_id=3107
|
| 942 |
|
|
|c REV
|
| 999 |
|
0 |
|a Books and reading
|v Periodicals.
|
| 999 |
|
0 |
|a Books and reading
|z United States
|v Periodicals.
|
| 999 |
|
0 |
|a Books
|v Periodicals.
|
| 999 |
|
0 |
|a Books
|z United States
|v Periodicals.
|